000 01494nam a2200241Ia 4500
003 Ost
005 20260507075344.0
008 260507s9999||||xx |||||||||||||| ||und||
020 _a42623399579
040 _cfsecg
041 _aara
082 _a330
100 _aالخزرجي، ثريا عبد الرحيم
_eمؤلف
245 0 _aإقتصاد المعرفة :
_bالأسس النظرية والتطبيق في المصارف التجارية /
_c ثريا عبد الرحيم الخزرجي
260 _aعمان:
_bمؤسسة الوراق للنشر والتوزيع,
_c2012
300 _a303 صفحة؛
_bإيضاحات ؛
_c24 سم
520 _aالمعرفة، مفاهيم نظرية وفلسفية- الأطر الفكرية والفلسفية لإقتصاد المعرفة- المنظومات المحفزة للإستثمار في إقتصاد المعرفة- البعد المعرفي في خدمات المصارف التجارية- منظومة المصارف الإلكترونية-استراتيجية عمل المصارف الإلكترونية- آلية تسوية المدفوعات الإلكترونية في ظل إقتصاد المعرفة- منظومة وسائل الدفع الإلكترونية- نظم الدفع والتحويل الإلكتروني
653 _aالإقتصاد
653 _aالبنوك التجارية
653 _aالمعرفة
700 _aالبارودي، شرين بدري
_eمؤلف ثانوي
942 _cكتاب
999 _c44104
_d44104